Alternatívne prístupy k problematike hospodárskeho rastu

Vybrané alternatívne prístupy k otázke ekonomického rastu, resp. rozvoja spoločnosti. Sociálne zmeny a ekonomický rozvoj. Prístup k modelom ekonomického rastu. Model rastu rozvojových krajín W.A. Lewisa.

Salvato in:
Dettagli Bibliografici
Autore principale: Matoušková, Eleonóra, 1962-
Natura: Capitolo di libro
Lingua:slovacco
Soggetti:
Tags: Aggiungi Tag
Nessun Tag, puoi essere il primo ad aggiungerne!!

MARC

LEADER 00000naa$a2200000$$$4500
001 0193612
005 20240502083450.0
041 0 |a slo 
044 |a PL 
245 1 0 |a Alternatívne prístupy k problematike hospodárskeho rastu  |c Eleonóra Matoušková 
520 |a Vybrané alternatívne prístupy k otázke ekonomického rastu, resp. rozvoja spoločnosti. Sociálne zmeny a ekonomický rozvoj. Prístup k modelom ekonomického rastu. Model rastu rozvojových krajín W.A. Lewisa. 
610 2 0 |a rast hospodársky 
610 2 0 |a rozvoj hospodársky 
610 2 0 |a rozvoj sociálny 
610 2 0 |a modely rastu 
100 1 |a Matoušková, Eleonóra, 1962-